| 000 | 00498nam a2200169 a 4500 | ||
|---|---|---|---|
| 005 | 20140310183256.0 | ||
| 008 | 041005s19uu xx 00 eng d | ||
| 050 |
_aRT 85.5 _b.N793 1999 |
||
| 100 | _aNolledo, Jose. | ||
| 245 |
_aRevised regulations on standards of safe nursing practice / _bJose Nolledo. |
||
| 260 |
_bPhilippine Geographic Arts: _c1999. |
||
| 300 |
_a56 p. : _c25 cm. |
||
| 650 | _aPhilippine Geographic Arts. | ||
| 942 |
_cBK _2lcc _kLOC |
||
| 999 |
_c20859 _d20859 |
||